000 00725cam a2200205 4500
001 WB3604-09
008 000000n2000 000 0 eng u
035 _a(Sirsi) u103847
245 _aDemand sparks land shortage
260 _c2000
490 _aBirmingham Post
_v 27 January 2000, 30(1)
520 _aAccording to GVA Grimley's "Business parks review" the midlands is still one of the most active areas for business parks. The take-up of space increased in 1999, despite a shortage of land for development.
590 _aWB
650 _aBUSINESS PARKS
650 _aLAND SUPPLY
650 _aGROWTH
650 _aGVA GRIMLEY
690 _aPROPERTY-COMMERCIAL PROPERTY-COMMERCIAL PROPERTY MARKET
942 _n0
999 _c62359
_d62359